Statistics for New Year 2024 #2: Hidden letters special

Click here to take the quiz!

General Stats

  • This quiz has been taken 13 times
  • The average score is 6 of 8

Answer Stats

HintAnswer% Correct
Number that rhymes with sevenEleven
92%
Country with capital of ViennaAustria
83%
SECRET PHRASE (There is two words):NEW YEAR
83%
Country with capital of TallinnEstonia
75%
"New" in SpanishNuevo
75%
Capital of MoroccoRabat
75%
US State with capital of CheyenneWyoming
75%
Chinese Black and White sign that describes all aspects of lifeYin Yang
75%

Score Distribution

Percentile by Number Answered

Percent of People with Each Score

Your Score History

You have not taken this quiz